- Condorcet, Jean-Antoine-Nicolas de Caritat,
Entry Nombre Personal
001 - NUMERO DE CONTROL
- campo de control: 9954
003 - IDENTIFICADOR DE NUMERO DE CONTROL
- campo de control: DLC
005 - FECHA Y HORA DE LA ÜLTIMA TRANSACCIÓN
- campo de control: 20240825204354.0
008 - DATOS DE LONGITUD FIJA
- campo de control de longitud fija: 240825|||acannaabn a aaa |d
010 ## - NÚMERO DE CONTROL DE LA BIBLIOTECA DEL CONGRESO
- Número de control LC: n 50030053
035 ## - NUMERO DE CONTROL
- Número de control: UPN10000009961
035 ## - NUMERO DE CONTROL
- Número de control: (OCoLC)oca00065425
040 ## - FUENTE DE CATALOGACIÓN
- Lenguaje de catalogación: spa
- Agencia de transcripción: DLC
- Agencia original de catalogación: DLC
- Agencia que lo modifica: DLC
- Agencia que lo modifica: Uk
- Agencia que lo modifica: OCoLC
- Agencia que lo modifica: MX-MxUPN
046 ## - FECHAS CON CODIFICACIÓN ESPECIAL
- Fecha de nacimiento: 17430917
- Fecha de muerte: 17940329
100 1# - ENCABEZAMIENTO - NOMBRE PERSONAL
- Nombre personal: Condorcet, Jean-Antoine-Nicolas de Caritat,
- Títulos u otras palabras asociadas al nombre: marques de,
- Fechas asociadas con el nombre: 1743-1794
370 ## - LUGAR ASOCIADO
- Associated country: Francia
377 ## - LENGUA ASOCIADA
- Language code: fre
400 ## - VEÁSE - NOMBRE DE PERSONA
- Personal name: Condorcet, Marie Jean Antoine Caritat,
- Titles and other words associated with a name: marques de,
- Dates associated with a name: 1743-1794
- Control subfield: nna
670 ## - FUENTE EN LA QUE SE LOCALIZARON DATOS
- Cita de la fuente: T
- Información localizada: Salvat universal
670 ## - FUENTE EN LA QUE SE LOCALIZARON DATOS
- Cita de la fuente: Autoridades LC, 25 agosto 2024 :
- Información localizada: (Condorcet, Jean-Antoine-Nicolas de Caritat, marquis de, 1743-1794)
- Uniform Resource Identifier: https://lccn.loc.gov/n50030053
902 ## - CATALOGADOR
- Catalogador: LG/251096
- Catalogador: MaríaRobles/250824
